00000000nas 2200000zi 4500
0019.949961
003CaOODSP
00520250410151744
006m     o  d f      
007cr cn ||||||||
008250409d19941996oncar p o    f0    0eng|d
040 |aCaOODSP|beng|erda|cCaOODSP
0410 |aeng|afre
043 |an-cn---
0861 |aNR1-1-PDF
1102 |aNational Research Council Canada.|eauthor, |eissuing body.
24510|aReport to Parliament / |cNRC = CNRC.
24615|aRapport au Parlement
264 1|a[Ottawa] : |bNational Research Council of Canada = Conseil national de recherches Canada, |c1994-1996.
310 |aAnnual
336 |atext|btxt|2rdacontent
337 |acomputer|bc|2rdamedia
338 |aonline resource|bcr|2rdacarrier
3621 |aBegan with: 1993/1994; ceased with: 1995/1996.
546 |aText in English and French.
588 |aDescription based on: 1993/1994; title from PDF title page.
588 |aLatest issue consulted: 1995/1996.
61020|aNational Research Council Canada|vPeriodicals.
650 0|aResearch|zCanada|vPeriodicals.
650 0|aResearch, Industrial|zCanada|vPeriodicals.
655 7|aPeriodicals|2lcgft
78000|tAnnual report.|w(CaOODSP)9.949949
78500|tAnnual report / |w(CaOODSP)9.949977
788 |tReport to Parliament / |efre|w(CaOODSP)9.949960